Giáo trình thiết kế kiến trúc nhà dân dụng

সংরক্ষণ করুন:
গ্রন্থ-পঞ্জীর বিবরন
প্রধান লেখক: Đặng, Thị Phúc Tiến
বিন্যাস: গ্রন্থ
ভাষা:Undetermined
প্রকাশিত: Hà Nội Xây dựng 2007
বিষয়গুলি:
ট্যাগগুলো: ট্যাগ যুক্ত করুন
কোনো ট্যাগ নেই, প্রথমজন হিসাবে ট্যাগ করুন!
Thư viện lưu trữ: Trung tâm Học liệu Trường Đại học Cần Thơ
LEADER 00661nam a2200205Ia 4500
001 CTU_129310
008 210402s9999 xx 000 0 und d
020 |c 19000 
082 |a 728 
082 |b T305 
100 |a Đặng, Thị Phúc Tiến 
245 0 |a Giáo trình thiết kế kiến trúc nhà dân dụng 
245 0 |c Đặng Thị Phúc Tiến và Đỗ Thị Minh Phúc 
260 |a Hà Nội 
260 |b Xây dựng 
260 |c 2007 
650 |a Architecture, Domestic,Building 
650 |x Designs and plans,Designs and plans 
904 |i Minh 
980 |a Trung tâm Học liệu Trường Đại học Cần Thơ